000 00412nam a22001817a 4500
003 MPLRDC
005 20220104123308.0
008 210129b ||||| |||| 00| 0 eng d
020 _a7-80542-045-9
082 _a857.6 TR-2
100 _a陶然
245 _a蜜月
_c
250 _a一版一刷
260 _a
_b海天出版社
_c1988
300 _b
650 _a短篇小说
942 _cBK
_o857.6 TR-2
999 _c10149
_d10139